| 000 | 00463nam a2200157 a 4500 | ||
|---|---|---|---|
| 001 | 000031474 | ||
| 005 | 20200930062945.0 | ||
| 008 | 110328s1959 dr 000 | spa d | ||
| 040 |
_aDO-SdBNP _bspa _cBNPHU |
||
| 082 |
_axxxx _bP438T |
||
| 100 | 1 |
_aPérez Ortiz, R. _92442 |
|
| 245 | 1 | 0 |
_aTrujillo : _bEspaña y otros conceptos / _cR. Pérez Ortiz. |
| 260 |
_aCiudad Trujillo, República Dominicana : _b[s.n.], _c1959. |
||
| 300 |
_a47 p. ; _c24 cm. |
||
| 049 | _aBNPD | ||
| 999 |
_c30966 _d30966 |
||